000 00271nam a2200097Ia 4500
001 1300108
005 20260420095858.0
008 260420s9999 xx 000 0 und d
245 0 _aBURCU - KİMSE BENİ OYUNA ALMIYOR
_cNURŞEN ŞİRİN
260 _bTİMAŞ ÇOCUK YAYINLARI
999 _c1300108
_d1300108